000 00678nam a2200229Ia 4500
003 OSt
005 20220926002008.0
006 a|||||r|||| 00| 0
007 ta
008 220923b |||||||| |||| 00| 0 eng d
037 _cGeneral Book
040 _aRTL
_cRTL
_beng
041 _2eng
_aeng
082 _aX:54.20a4498.N41r, H2
110 _aINDIA
_942571
245 0 _aAnnual report of the agent of the goverment of India in Ceylon for the year. 1941
260 _a New Delhi
_bManager of publication
_c1942
300 _aiii,60 p
_ccm.
700 _aINDIA
_942572
942 _hX:54.20a4498.N41r, H2
_cGB
_2CC
999 _c603506
_d603506